El Proletariado ha muerto. Viva el ama de casa?
Gespeichert in:
| 1. Verfasser: | |
|---|---|
| Format: | Text |
| Veröffentlicht: |
New York:
Eveos,
H.D.
|
| Tags: |
Tag hinzufügen
Keine Tags, Fügen Sie den ersten Tag hinzu!
|
MARC
| LEADER | 00000 a a2200000 04500 | ||
|---|---|---|---|
| 001 | 21448 | ||
| 003 | |||
| 040 | |||
| 090 | |a 094500 | ||
| 100 | |a Werlhof, Claudia | ||
| 245 | |a El Proletariado ha muerto. Viva el ama de casa? | ||
| 260 | |a New York: |b Eveos, |c H.D. | ||
| 300 | |a 27 p. | ||
| 999 | |c 10960 |d 10960 | ||
